Central Library OPAC University of Rajshahi

Individual study program in chemistry / (Record no. 72009)

MARC details
000 -LEADER
fixed length control field 00859nam a2200229 a 4500
001 - CONTROL NUMBER
control field 72009
003 - CONTROL NUMBER IDENTIFIER
rucl marc code BD-RjUL
005 - DATE AND TIME OF LATEST TRANSACTION
control field 20211209082211.0
008 - FIXED-LENGTH DATA ELEMENTS--GENERAL INFORMATION
fixed length control field 170511r19691968nyua b 000 0 eng
035 ## - SYSTEM CONTROL NUMBER
System control number (BD-RjUL)72225
040 ## - CATALOGING SOURCE
Original cataloging agency DLC
Transcribing agency DLC
Modifying agency DLC
Language of cataloging eng
041 ## - LANGUAGE CODE
Language code of text/sound track or separate title eng
082 00 - DEWEY DECIMAL CLASSIFICATION NUMBER
Edition number 23
Classification number 540
Author mark and year KAI 1969
100 1# - MAIN ENTRY--PERSONAL NAME
Personal name Kass, Gerard A.
9 (RLIN) 212987
245 10 - TITLE STATEMENT
Title Individual study program in chemistry /
Statement of responsibility, etc. Gerard A. Kass.
260 ## - PUBLICATION, DISTRIBUTION, ETC. (IMPRINT)
Place of publication, distribution, etc. New York :
Name of publisher, distributor, etc. W. A. Benjamin,
Date of publication, distribution, etc. 1968 [reprinted 1969]
300 ## - PHYSICAL DESCRIPTION
Pagination v. :
Illustrations ill. ;
Size 23 cm.
504 ## - BIBLIOGRAPHY, ETC. NOTE
Bibliography, etc Includes bibliographical references.
505 1# - FORMATTED CONTENTS NOTE
Formatted contents note v. 1. The atom.--v. 2. The chemical bond.--v. 3. The forces that drive chemical reactions.--v. 4. Kinetics and equilibrium.--v. 5. Acid-base chemistry.--v. 6. Redox and electro-chemistry.--v. 7. Problems in chemistry.
650 #0 - SUBJECT ADDED ENTRY--TOPICAL TERM
Topical term or geographic name as entry element Chemistry.
9 (RLIN) 212988
942 ## - ADDED ENTRY ELEMENTS (KOHA)
Source of classification or shelving scheme Dewey Decimal Classification
Koha item type Books
Holdings
Lost status Source of classification or shelving scheme Damaged status Not for loan Collection code Permanent Location Current Location Shelving location Date acquired Source of acquisition Cost, normal purchase price Total Checkouts Full call number Date last seen Copy number Koha item type
  Dewey Decimal Classification   Not For Loan Non-fiction Central Library, University of Rajshahi Central Library, University of Rajshahi Reading Room 24/10/1990 Canada 0.00   540 KAI V-3 1969 11/05/2017 C-1 Books
  Dewey Decimal Classification   Not For Loan Non-fiction Central Library, University of Rajshahi Central Library, University of Rajshahi Reading Room 28/10/1990 Canada 0.00   540 KAI V-5 1969 11/05/2017 C-1 Books